<?xml version="1.0" encoding="UTF-8"?>
<record
    xmlns:xsi="http://www.w3.org/2001/XMLSchema-instance"
    xsi:schemaLocation="http://www.loc.gov/MARC21/slim http://www.loc.gov/standards/marcxml/schema/MARC21slim.xsd"
    xmlns="http://www.loc.gov/MARC21/slim">

  <leader>00903nam a22002057a 4500</leader>
  <controlfield tag="003">OSt</controlfield>
  <controlfield tag="005">20151026133603.0</controlfield>
  <controlfield tag="008">130718s2012    sp ||||| |||| 00| 0 spa d</controlfield>
  <datafield tag="040" ind1=" " ind2=" ">
    <subfield code="c">CDMR</subfield>
  </datafield>
  <datafield tag="245" ind1="1" ind2="0">
    <subfield code="a">Saturaci&#xF3;n publicitaria en la prensa de distribuci&#xF3;n gratuita en Espa&#xF1;a</subfield>
    <subfield code="c">Jes&#xFA;s Mart&#xED;nez Guill&#xE9;n ; Manuel Sevillano Puente (director)</subfield>
    <subfield code="h">[recurs electr&#xF2;nic]</subfield>
  </datafield>
  <datafield tag="260" ind1=" " ind2=" ">
    <subfield code="a">Madrid</subfield>
    <subfield code="c">2012</subfield>
  </datafield>
  <datafield tag="502" ind1=" " ind2=" ">
    <subfield code="a">Tesi defensada el 3 de juliol de 2012, </subfield>
    <subfield code="c">Universidad Complutense de Madrid, Facultad de Ciencias de la Informaci&#xF3;n.</subfield>
  </datafield>
  <datafield tag="650" ind1="0" ind2="4">
    <subfield code="9">3940</subfield>
    <subfield code="a">Premsa gratu&#xEF;ta</subfield>
    <subfield code="z">Espanya</subfield>
  </datafield>
  <datafield tag="650" ind1="0" ind2="4">
    <subfield code="9">154</subfield>
    <subfield code="a">Publicitat</subfield>
    <subfield code="x">Diaris</subfield>
  </datafield>
  <datafield tag="650" ind1="0" ind2="4">
    <subfield code="9">2994</subfield>
    <subfield code="a">Tesis i dissertacions acad&#xE8;miques</subfield>
  </datafield>
  <datafield tag="700" ind1="1" ind2=" ">
    <subfield code="9">3986</subfield>
    <subfield code="a">Sevillano Puente, Manuel</subfield>
  </datafield>
  <datafield tag="710" ind1="2" ind2=" ">
    <subfield code="9">3910</subfield>
    <subfield code="a">Universidad Complutense de Madrid</subfield>
    <subfield code="b">-- Facultad de Ciencias de la Informaci&#xF3;n</subfield>
  </datafield>
  <datafield tag="856" ind1="4" ind2="0">
    <subfield code="u">http://eprints.ucm.es/16159/</subfield>
    <subfield code="y">Disponible en l&#xED;nia (UCM)</subfield>
  </datafield>
  <datafield tag="942" ind1=" " ind2=" ">
    <subfield code="2">udc</subfield>
    <subfield code="c">TSN-E</subfield>
  </datafield>
  <datafield tag="999" ind1=" " ind2=" ">
    <subfield code="c">6611</subfield>
    <subfield code="d">6611</subfield>
  </datafield>
  <datafield tag="952" ind1=" " ind2=" ">
    <subfield code="0">0</subfield>
    <subfield code="1">0</subfield>
    <subfield code="4">0</subfield>
    <subfield code="7">0</subfield>
    <subfield code="a">CDMR</subfield>
    <subfield code="b">CDMR</subfield>
    <subfield code="d">2013-07-18</subfield>
    <subfield code="l">0</subfield>
    <subfield code="p">CDMR13096927</subfield>
    <subfield code="r">2013-07-18</subfield>
    <subfield code="w">2013-07-18</subfield>
    <subfield code="y">TSN-E</subfield>
    <subfield code="z">Tesi dipositada a E-Prints Complutense</subfield>
  </datafield>
</record>
